000 00337nam a2200133Ia 4500
008 221030s9999 xx 000 0 und d
041 _aEnglish
082 _a105.23
100 _aK. M. Kumar
245 0 _aBasic Electrical Electronics, Computer & Communication Engineering
_cby K. M. Kumar
260 _c0
650 _aB
942 _cBK
999 _c11558
_d11558